[Event "ICS rated blitz match"]
[Site "204.178.125.65"]
[Date "2000.04.26"]
[Round "?"]
[White "undertaker1"]
[Black "Hossa"]
[Result "1/2-1/2"]
[WhiteElo "2592"]
[BlackElo "2423"]
[PlyCount "144"]
[EventDate "2000.??.??"]

1. e4 e5 2. Nf3 Nc6 3. Bb5 a6 4. Ba4 Nf6 5. O-O b5 6. Bb3 Bb7 7. Re1 Bc5 8. c3
d6 9. d4 Bb6 10. Bg5 h6 11. Bh4 Qd7 12. a4 g5 13. Bg3 g4 14. axb5 axb5 15.
Rxa8+ Bxa8 16. dxe5 Nh5 17. Nd4 Nxg3 18. Nxc6 Bxc6 19. hxg3 dxe5 20. Bd5 h5 21.
Na3 h4 22. Bxc6 Qxc6 23. Qxg4 hxg3 24. Qxg3 Qf6 25. Qf3 Qh4 26. Kf1 Qg5 27. Rd1
c6 28. Nc2 Qg6 29. Ra1 Rh1+ 30. Ke2 Rh4 31. g3 Rxe4+ 32. Kd2 Qd6+ 33. Kc1 Ra4
34. Rxa4 bxa4 35. Nb4 Qe6 36. Kd2 e4 37. Qe2 Kf8 38. g4 c5 39. Nc2 Bd8 40. Ne3
Bg5 41. Qb5 Qd6+ 42. Ke2 Bf4 43. Qc4 Qb6 44. Qxa4 Qxb2+ 45. Nc2 Qxc3 46. Qxe4
Kg7 47. Na3 Qxa3 48. Qxf4 Qa2+ 49. Ke3 Qb3+ 50. Kd2 Qb2+ 51. Kd3 Qb1+ 52. Kc3
Qa1+ 53. Kd3 Qd1+ 54. Kc3 f6 55. Qc7+ Kg6 56. Qxc5 Qc1+ 57. Kd4 Qxc5+ 58. Kxc5
f5 59. Kd6 fxg4 60. Ke6 Kg5 61. Ke5 g3 62. fxg3 Kg6 63. Kf4 Kf6 64. g4 Kg6 65.
g5 Kg7 66. g6 Kg8 67. Ke5 Kg7 68. Kf5 Kg8 69. Kf6 Kf8 70. g7+ Kg8 71. Kf5 Kf7
72. Kg5 Kxg7 1/2-1/2

[Event "ICS rated standard match"]
[Site "204.178.125.65"]
[Date "2000.04.26"]
[Round "?"]
[White "Hossa"]
[Black "WhiteCastles"]
[Result "0-1"]
[WhiteElo "2367"]
[BlackElo "2679"]
[PlyCount "106"]
[EventDate "2000.??.??"]

1. e4 d5 2. exd5 Qxd5 3. Nc3 Qa5 4. d4 c6 5. Nf3 Nf6 6. Ne5 Be6 7. Bc4 Bxc4 8.
Nxc4 Qd8 9. Bg5 Nbd7 10. O-O e6 11. Ne4 Qc7 12. Qf3 Nxe4 13. Qxe4 Nb6 14. Bf4
Qd8 15. Nxb6 Qxb6 16. Be5 O-O-O 17. b3 f6 18. Bg3 Qxd4 19. Qxe6+ Qd7 20. Qxd7+
Rxd7 21. Rfd1 Rxd1+ 22. Rxd1 Bc5 23. c3 Rd8 24. Rxd8+ Kxd8 25. b4 Be7 26. a4
Kd7 27. Bb8 Ke6 28. Bxa7 Kd5 29. b5 cxb5 30. axb5 Kc4 31. Be3 Kxb5 32. Kf1 Kc4
33. Bd4 b5 34. Ke2 Ba3 35. Kd2 Bb2 36. Kc2 Ba1 37. g4 b4 38. f4 Bxc3 39. Bxc3
bxc3 40. f5 Kd4 41. h3 h6 42. Kd1 Kd3 43. h4 h5 44. g5 c2+ 45. Kc1 fxg5 46. Kb2
gxh4 47. f6 gxf6 48. Kc1 h3 49. Kb2 h2 50. Kb3 c1=Q 51. Kb4 h1=Q 52. Kb5 Qhc6+
53. Ka5 Q1c5# {Hossa checkmated} 0-1

[Event "ICS rated standard match"]
[Site "204.178.125.65"]
[Date "2000.04.26"]
[Round "?"]
[White "WhiteCastles"]
[Black "Hossa"]
[Result "1-0"]
[WhiteElo "2684"]
[BlackElo "2362"]
[PlyCount "59"]
[EventDate "2000.??.??"]

1. e4 d5 2. exd5 Qxd5 3. Nc3 Qa5 4. d4 c6 5. Nf3 Nf6 6. Bc4 Bf5 7. Qe2 Ne4 8.
Rb1 Nxc3 9. bxc3 Nd7 10. Rxb7 Qxc3+ 11. Kf1 Qxc2 12. Qxc2 Bxc2 13. Bxf7+ Kxf7
14. Rxd7 Be4 15. Ne5+ Ke8 16. f3 Bd5 17. Ba3 Bxa2 18. Kf2 a5 19. Rc1 Bb3 20.
Rc7 a4 21. R1xc6 Kd8 22. Bc5 Be6 23. Bb6 Ke8 24. Rxe6 g6 25. Rec6 e6 26. Rxe6+
Be7 27. Rexe7+ Kf8 28. Rf7+ Kg8 29. Bc5 Rd8 30. Rg7# {Hossa checkmated} 1-0

[Event "ICS rated blitz match"]
[Site "204.178.125.65"]
[Date "2000.04.26"]
[Round "?"]
[White "Hossa"]
[Black "undertaker1"]
[Result "0-1"]
[WhiteElo "2430"]
[BlackElo "2585"]
[PlyCount "132"]
[EventDate "2000.??.??"]

1. e4 e5 2. Nf3 Nc6 3. Nc3 g6 4. Bc4 Bg7 5. O-O d6 6. Bb5 Nge7 7. d3 a6 8. Bc4
b5 9. Bb3 O-O 10. Bg5 h6 11. Bh4 Na5 12. Bd5 c6 13. Bxe7 Qxe7 14. b4 Bb7 15.
Bxf7+ Rxf7 16. bxa5 Qc7 17. Ne2 Qxa5 18. c3 Qc7 19. Qb3 Qe7 20. a4 Qf6 21. axb5
cxb5 22. Nd2 Raf8 23. f4 exf4 24. Rxf4 Qe5 25. Raf1 d5 26. Rxf7 Rxf7 27. Rxf7
Kxf7 28. Nf3 Qd6 29. d4 Qe6 30. e5 Qf5 31. Qb4 Qc8 32. Qb1 Qg4 33. Qf1 Kg8 34.
Nd2 Bc8 35. Nf4 Bb7 36. Nb3 Bf8 37. Na5 Ba8 38. g3 Qf5 39. Nd3 Qe4 40. Nb3 Bc6
41. h3 Be7 42. Kh2 h5 43. Nd2 Qe3 44. Nf3 a5 45. Kh1 b4 46. Nf4 bxc3 47. Ng2
Qe4 48. Qa6 Bd7 49. Ng1 c2 50. Qf1 Bg5 51. e6 Bxe6 52. Ne2 Bxh3 53. Kh2 Qxg2+
54. Qxg2 Bxg2 55. Kxg2 a4 56. g4 c1=Q 57. Nxc1 Bxc1 58. gxh5 gxh5 59. Kf2 a3
60. Kg3 a2 61. Kg2 a1=Q 62. Kf3 Qc3+ 63. Kg2 Qc2+ 64. Kg3 Be3 65. Kh3 Bf4 66.
Kh4 Qh2# {Hossa checkmated} 0-1

[Event "ICS rated blitz match"]
[Site "204.178.125.65"]
[Date "2000.04.26"]
[Round "?"]
[White "undertaker1"]
[Black "Hossa"]
[Result "1-0"]
[WhiteElo "2594"]
[BlackElo "2421"]
[PlyCount "111"]
[EventDate "2000.??.??"]

1. e4 e5 2. Nf3 Nc6 3. Bb5 a6 4. Ba4 Nf6 5. O-O d6 6. Re1 b5 7. Bb3 Bg4 8. c3
Be7 9. d3 O-O 10. Nbd2 Qc8 11. h3 Bh5 12. Qe2 Qb7 13. g4 Bg6 14. Nh4 a5 15. a4
b4 16. Bc4 Rab8 17. Nxg6 hxg6 18. Nb3 bxc3 19. bxc3 Qa7 20. Rb1 Nd7 21. Bb5 Qb7
22. d4 Nb6 23. d5 Nd8 24. Nxa5 Qa7 25. Nc6 Nxc6 26. Bxc6 Bh4 27. Be3 f6 28. Rb5
Bg5 29. Bxg5 fxg5 30. Reb1 Rbd8 31. R1b4 Qa6 32. Qe3 Qc8 33. Qxg5 Rf3 34. a5
Rdf8 35. axb6 Rxf2 36. b7 Qb8 37. Qe3 R2f3 38. Qe2 Rg3+ 39. Kh2 Rff3 40. Qe1
Rxh3+ 41. Kg2 Kh8 42. Ra5 Re3 43. Ra8 Rxe1 44. Rxb8+ Kh7 45. Kxh3 Rf1 46. Ra8
Kh6 47. Rh8+ Kg5 48. b8=Q Rf3+ 49. Kg2 Rf7 50. Rf8 Rxf8 51. Qxf8 Kxg4 52. Qf3+
Kh4 53. Qg3+ Kh5 54. Be8 c6 55. Qxg6+ Kh4 56. Qh5# {Hossa checkmated} 1-0

[Event "ICS rated blitz match"]
[Site "204.178.125.65"]
[Date "2000.04.26"]
[Round "?"]
[White "Hossa"]
[Black "undertaker1"]
[Result "0-1"]
[WhiteElo "2412"]
[BlackElo "2603"]
[PlyCount "94"]
[EventDate "2000.??.??"]

1. e4 e5 2. Nf3 Nc6 3. Nc3 g6 4. Bc4 Bg7 5. O-O d6 6. Bb5 Nge7 7. d3 O-O 8. Bg5
h6 9. Bh4 Be6 10. Qe2 Qd7 11. Bxe7 Qxe7 12. Bxc6 bxc6 13. Nd2 Rfb8 14. Rab1 Qf6
15. Nb3 a5 16. Rfe1 a4 17. Nd2 d5 18. exd5 cxd5 19. a3 Qf5 20. Nf3 d4 21. Ne4
Ba2 22. Rbc1 Rxb2 23. Ng3 Qe6 24. Nxe5 Qd6 25. Nf3 Qxa3 26. Qe4 Rd8 27. Qc6 Be6
28. Qxc7 Qf8 29. Ne2 a3 30. Nf4 Bf5 31. Ne5 Rc8 32. Qa5 Rcxc2 33. Nc4 Rxc1 34.
Rxc1 Rb8 35. Qa7 Ra8 36. Qc7 a2 37. Ra1 Qb8 38. Qxb8+ Rxb8 39. Nd2 Rb2 40. Nf1
Be5 41. g4 Bxg4 42. Nd5 Rb1 43. Rxa2 Bh3 44. Ra8+ Kh7 45. Ra1 Rxa1 46. Nde3
dxe3 47. d4 Rxf1# {Hossa checkmated} 0-1

[Event "ICS rated blitz match"]
[Site "204.178.125.65"]
[Date "2000.04.26"]
[Round "?"]
[White "undertaker1"]
[Black "Hossa"]
[Result "1-0"]
[WhiteElo "2611"]
[BlackElo "2409"]
[PlyCount "137"]
[EventDate "2000.??.??"]

1. e4 e5 2. Nf3 Nc6 3. Bb5 a6 4. Ba4 Nf6 5. O-O Be7 6. Re1 b5 7. Bb3 O-O 8. c3
d5 9. exd5 Nxd5 10. Nxe5 Nxe5 11. Rxe5 c6 12. d4 Bd6 13. Re1 Qh4 14. g3 Qh3 15.
Be3 Bg4 16. Qd3 Rae8 17. Nd2 Re6 18. a4 Qh5 19. axb5 axb5 20. Qf1 Rfe8 21. Bxd5
Qxd5 22. Qg2 Qh5 23. f3 Bh3 24. Qf2 c5 25. g4 Qd5 26. dxc5 Bf8 27. Bd4 h5 28.
Rxe6 Rxe6 29. gxh5 Qg5+ 30. Kh1 Qxh5 31. Ne4 Rg6 32. Rg1 Rxg1+ 33. Kxg1 Be7 34.
Qg3 Qh6 35. f4 Bf5 36. Nd6 Bxd6 37. cxd6 Qg6 38. Qxg6 fxg6 39. b3 Bg4 40. c4
bxc4 41. bxc4 Bd7 42. c5 Kf7 43. Kf2 Ke6 44. Kf3 Kd5 45. Bf2 Bf5 46. Kg3 Kc6
47. Kh4 Bc8 48. Kg5 Bf5 49. h4 Bd3 50. Bd4 Kd7 51. Bxg7 Kc6 52. Kf6 Kd7 53. Kf7
Bc2 54. Ba1 Bd3 55. Kf6 Be4 56. Be5 Kd8 57. Ke6 Bc6 58. f5 Ba4 59. fxg6 Bb3+
60. Kf6 Bc2 61. h5 Kd7 62. h6 Be4 63. h7 Bd3 64. h8=Q Be4 65. g7 Bd5 66. Qb8
Kc6 67. Qb6+ Kd7 68. Qc7+ Ke8 69. d7# {Hossa checkmated} 1-0

[Event "ICS rated standard match"]
[Site "204.178.125.65"]
[Date "2000.04.26"]
[Round "?"]
[White "BoeserOnkel"]
[Black "Hossa"]
[Result "1-0"]
[WhiteElo "2361"]
[BlackElo "2339"]
[PlyCount "163"]
[EventDate "2000.??.??"]

1. e4 e5 2. Nf3 Nc6 3. Bb5 a6 4. Ba4 Nf6 5. O-O Be7 6. Re1 b5 7. Bb3 d6 8. c3
O-O 9. h3 Bb7 10. d4 Re8 11. Nbd2 Bf8 12. a4 h6 13. Bc2 exd4 14. cxd4 Nb4 15.
Bb1 c5 16. d5 Nd7 17. Ra3 f5 18. exf5 Nf6 19. Ne4 Bxd5 20. Nxf6+ Qxf6 21. Rae3
Bf7 22. Nh2 Rxe3 23. Rxe3 bxa4 24. Ng4 Qd4 25. Qxa4 h5 26. Nh2 Na2 27. Qxd4
cxd4 28. Re1 Nxc1 29. Rxc1 Bd5 30. Bd3 Rb8 31. Rc2 a5 32. Kf1 Rb4 33. g4 Ra4
34. gxh5 Ra1+ 35. Ke2 Rh1 36. Nf3 Bxf3+ 37. Kxf3 Rxh3+ 38. Ke4 Be7 39. Bc4+ Kh7
40. Kxd4 Rxh5 41. Be6 Rh4+ 42. Kd5 Kh6 43. b3 Rb4 44. Rc7 Bh4 45. Kxd6 Bxf2 46.
Rc2 Bg3+ 47. Kc6 Bh4 48. Rh2 g5 49. f6 Rb8 50. Rh1 Kg6 51. f7 Kf6 52. Rf1+ Ke7
53. Bc4 Bg3 54. Rf5 Bf4 55. Rxa5 Rc8+ 56. Kb5 Bd6 57. Ra7+ Kf6 58. Ra6 Ke5 59.
Ra1 Kf6 60. Rf1+ Bf4 61. b4 Kf5 62. Ka6 Kf6 63. b5 Kg7 64. Be6 Ra8+ 65. Kb7 Rd8
66. b6 Kf8 67. Re1 Bg3 68. Re2 Rd1 69. Rg2 Bd6 70. Rxg5 Ke7 71. Bc4 Ba3 72. Rg8
Kf6 73. Ka6 Ra1 74. b7 Bf8+ 75. Kb6 Rb1+ 76. Bb5 Kxf7 77. Rxf8+ Kg7 78. b8=Q
Rb3 79. Qd6 Rf3 80. Rxf3 Kh8 81. Qf8+ Kh7 82. Bd3# {Hossa checkmated} 1-0

[Event "ICS rated standard match"]
[Site "204.178.125.65"]
[Date "2000.04.26"]
[Round "?"]
[White "Hossa"]
[Black "MestreDosMagos"]
[Result "1/2-1/2"]
[WhiteElo "2324"]
[BlackElo "2151"]
[PlyCount "43"]
[EventDate "2000.??.??"]

1. e4 e5 2. Nf3 Nc6 3. Nc3 Nf6 4. Nxe5 Nxe5 5. d4 Ng6 6. e5 Ng8 7. Bc4 d6 8.
Qf3 Qd7 9. e6 fxe6 10. O-O d5 11. Bd3 Qf7 12. Qxf7+ Kxf7 13. Nb5 c6 14. Nc7 Rb8
15. Bxg6+ hxg6 16. Bf4 Be7 17. Nxd5 Ra8 18. Nc7 Rb8 19. Nxe6 Ra8 20. Nc7 Rb8
21. Ne6 Ra8 22. Nc7 1/2-1/2

[Event "ICS rated blitz match"]
[Site "204.178.125.65"]
[Date "2000.04.26"]
[Round "?"]
[White "Priapus"]
[Black "Hossa"]
[Result "0-1"]
[WhiteElo "1990"]
[BlackElo "2452"]
[PlyCount "54"]
[EventDate "2000.??.??"]

1. e4 e5 2. Nf3 Nc6 3. c3 d5 4. exd5 Qxd5 5. Be2 e4 6. Ng1 Ne5 7. d4 exd3 8.
Bf3 Qe6 9. Be3 Nf6 10. Nh3 Nxf3+ 11. Qxf3 Bd6 12. O-O Qd5 13. Qxd5 Nxd5 14. Bd4
O-O 15. c4 Nb4 16. Na3 Nc6 17. Bc3 Bxa3 18. bxa3 Be6 19. Nf4 Bxc4 20. Rfd1 Rad8
21. Rd2 Rd7 22. Rad1 Rfd8 23. f3 Nd4 24. Bxd4 Rxd4 25. g3 c5 26. Kf2 Ba6 27.
Ng2 c4 {Priapus resigns} 0-1

[Event "ICS rated blitz match"]
[Site "204.178.125.65"]
[Date "2000.04.26"]
[Round "?"]
[White "undertaker1"]
[Black "Hossa"]
[Result "0-1"]
[WhiteElo "2639"]
[BlackElo "2444"]
[PlyCount "116"]
[EventDate "2000.??.??"]

1. e4 e5 2. Nf3 Nc6 3. Bb5 a6 4. Ba4 Nf6 5. O-O Be7 6. Re1 b5 7. Bb3 O-O 8. c3
d5 9. exd5 Nxd5 10. Nxe5 Nxe5 11. Rxe5 c6 12. d4 Bd6 13. Re1 Qh4 14. g3 Qh3 15.
Be3 Bg4 16. Qd3 Rae8 17. Nd2 Re6 18. a4 f5 19. Qf1 Qh5 20. f4 bxa4 21. Rxa4
Rfe8 22. Rxa6 Kh8 23. Bxd5 cxd5 24. Qb5 Rh6 25. Nf1 Bf3 26. Qd7 Rf8 27. Ra7 Rg6
28. Rc1 Bb8 29. Rb7 Be4 30. Qf7 Bd6 31. Qxf8+ Bxf8 32. Rb8 Kg8 33. Re8 Qe2 34.
Rxe4 fxe4 35. Bd2 Ra6 36. Re1 Qd3 37. b4 Ra2 38. Re3 Qc2 39. h3 Kf7 40. Re2 Be7
41. h4 Ke6 42. h5 Qd3 43. Re3 Qa6 44. h6 gxh6 45. Kg2 h5 46. Kf2 Rb2 47. Kg1
Qa2 48. Re2 h4 49. gxh4 Bxh4 50. Rh2 Be7 51. Rh6+ Kd7 52. Rh2 Qa1 53. Rh5 Rxd2
54. Rxd5+ Ke8 55. Rg5 Bxg5 56. fxg5 Qe1 57. g6 Qf2+ 58. Kh1 Qxf1# 0-1

[Event "ICS rated blitz match"]
[Site "204.178.125.65"]
[Date "2000.04.26"]
[Round "?"]
[White "Hossa"]
[Black "undertaker1"]
[Result "0-1"]
[WhiteElo "2468"]
[BlackElo "2615"]
[PlyCount "184"]
[EventDate "2000.??.??"]

1. e4 e5 2. Nf3 Nc6 3. Nc3 g6 4. Bc4 Bg7 5. O-O d6 6. Bb5 Nge7 7. d3 a6 8. Bc4
b5 9. Bb3 O-O 10. Bg5 h6 11. Bh4 Na5 12. Bd5 Ra7 13. Bxe7 Qxe7 14. b4 Nb7 15.
a4 bxa4 16. Rxa4 Bd7 17. Ra2 c6 18. Bc4 Rfa8 19. Qa1 a5 20. Re1 Qd8 21. Ra3 Bg4
22. Qa2 Qf6 23. Nd2 c5 24. b5 Rb8 25. b6 Raa8 26. Nd5 Qg5 27. Ne3 Rf8 28. Bd5
Rab8 29. Ndc4 Bd7 30. Bxb7 Rxb7 31. Rxa5 Be6 32. Nd5 Rfb8 33. Nxd6 Rxb6 34. Nc4
Bh3 35. g3 Rc6 36. Ra7 Re8 37. Qb2 Rce6 38. Qb7 Rf8 39. Ne7+ Kh8 40. f3 Qh5 41.
Nd2 Bf6 42. Nd5 Bg5 43. Ra8 Rxa8 44. Qxa8+ Kg7 45. Ne3 Rb6 46. Qd5 Be7 47. Nec4
Be6 48. Qa8 Bxc4 49. Nxc4 Rf6 50. Nd2 c4 51. dxc4 Bc5+ 52. Kg2 Bb4 53. c3 Bxc3
54. Qd8 Bxd2 55. Qxd2 Qxf3+ 56. Kg1 Qa3 57. Qc2 Qc5+ 58. Kg2 Rd6 59. Kh3 Rd4
60. Rc1 Qc6 61. Kg2 Rxe4 62. Kf2 Rd4 63. c5 Qd5 64. Ke2 f5 65. c6 Qg2+ 66. Ke3
Re4+ 67. Qxe4 Qxe4+ 68. Kf2 Qd3 69. Re1 Qc2+ 70. Re2 Qc5+ 71. Ke1 Qxc6 72. Kd2
Qc5 73. h4 Qg1 74. Kc2 Qxg3 75. h5 gxh5 76. Kd2 Qg1 77. Re1 Qf2+ 78. Re2 Qd4+
79. Ke1 Qg1+ 80. Kd2 f4 81. Re4 f3 82. Rc4 Qg2+ 83. Kd3 Qe2+ 84. Kc3 f2 85.
Rc7+ Kg6 86. Rc6+ Kg5 87. Rc7 Qe3+ 88. Kb2 f1=Q 89. Rg7+ Kh4 90. Rc7 Qb5+ 91.
Ka2 Qeb3+ 92. Ka1 Qb2# {Hossa checkmated} 0-1

[Event "ICS rated blitz match"]
[Site "204.178.125.65"]
[Date "2000.04.26"]
[Round "?"]
[White "PostModernist"]
[Black "Hossa"]
[Result "1-0"]
[WhiteElo "2592"]
[BlackElo "2458"]
[PlyCount "129"]
[EventDate "2000.??.??"]

1. e4 e5 2. d4 exd4 3. c3 d5 4. exd5 Qxd5 5. cxd4 Nc6 6. Nf3 Bg4 7. Nc3 Qf5 8.
Bd3 Bxf3 9. gxf3 Qh3 10. Be4 O-O-O 11. Be3 Nge7 12. Qa4 f5 13. Bxc6 Nxc6 14.
O-O-O a6 15. f4 Qg2 16. a3 Kb8 17. d5 Ne7 18. Qd4 Nc8 19. h3 Qg6 20. Rhg1 Qh5
21. Rg3 Qf7 22. Qe5 Re8 23. Qd4 Rg8 24. Qc4 g6 25. Qb3 Bg7 26. Na4 Nd6 27. Nc5
a5 28. Rgg1 Qe7 29. Ne6 Qd7 30. Qc2 Ne4 31. f3 Nd6 32. Rge1 h6 33. Kb1 Nb5 34.
Nc5 Qd8 35. Qa4 Nd6 36. Rc1 Re7 37. Ne6 Qd7 38. Qxa5 Nb5 39. Nxc7 Nc3+ 40. bxc3
Rxe3 41. Nb5 Bd4 42. Nxd4 Rxe1 43. Rxe1 g5 44. Re6 gxf4 45. Qb5 Qxb5+ 46. Nxb5
Rh8 47. Rf6 Kc8 48. Rxf5 Rg8 49. Rxf4 Rd8 50. Rc4+ Kb8 51. d6 Rd7 52. Rc7 Rd8
53. Rh7 Kc8 54. Kc2 h5 55. Kb3 h4 56. Rc7+ Kb8 57. d7 b6 58. Kc4 Rxd7 59. Rxd7
Kc8 60. Rc7+ Kd8 61. Rf7 Kc8 62. Kd5 Kd8 63. Kc6 Ke8 64. Nd6+ Kd8 65. Rd7# {
Hossa checkmated} 1-0

[Event "ICS rated blitz match"]
[Site "204.178.125.65"]
[Date "2000.04.26"]
[Round "?"]
[White "PostModernist"]
[Black "Hossa"]
[Result "1-0"]
[WhiteElo "2605"]
[BlackElo "2448"]
[PlyCount "43"]
[EventDate "2000.??.??"]

1. e4 e5 2. d4 exd4 3. c3 dxc3 4. Bc4 cxb2 5. Bxb2 d5 6. Bxd5 Nf6 7. Nc3 Nxd5
8. Nxd5 Nc6 9. Nf3 Bg4 10. Qb3 Rb8 11. Rd1 Be6 12. O-O a5 13. Qc2 Bxd5 14. exd5
Ne7 15. Ba3 b5 16. Ne5 Rb6 17. Rfe1 Qa8 18. Qe4 Rd6 19. Bxd6 cxd6 20. Nc6 Qb7
21. Rc1 f5 22. Qe2 {Hossa resigns} 1-0

[Event "ICS rated blitz match"]
[Site "204.178.125.65"]
[Date "2000.04.26"]
[Round "?"]
[White "Hossa"]
[Black "PostModernist"]
[Result "0-1"]
[WhiteElo "2439"]
[BlackElo "2614"]
[PlyCount "216"]
[EventDate "2000.??.??"]

1. e4 c6 2. d4 d5 3. Nc3 dxe4 4. Nxe4 Nd7 5. Ng5 Nb6 6. Bd3 g6 7. N1f3 Bg7 8.
O-O Nh6 9. c3 O-O 10. Ne4 Nf5 11. Ne5 Bxe5 12. dxe5 Qd5 13. Bf4 Nc4 14. Bxc4
Qxe4 15. Qa4 Be6 16. Bb3 Qxa4 17. Bxa4 Rad8 18. Rfd1 f6 19. Bc2 g5 20. Bxf5
Bxf5 21. Be3 b6 22. a4 h6 23. a5 Rxd1+ 24. Rxd1 bxa5 25. exf6 exf6 26. Bxa7 Re8
27. Bd4 Re2 28. b4 axb4 29. cxb4 Bc2 30. Rc1 Kf7 31. Ra1 Ke6 32. Bc3 Be4 33. h3
Bd5 34. Ra8 Rc2 35. Be1 c5 36. Ra6+ Kf5 37. Ra1 cxb4 38. Bxb4 h5 39. Rd1 Bc6
40. Be7 Re2 41. Bc5 h4 42. Bb4 Be4 43. Bc3 Ke6 44. Rd8 Ke7 45. Rd4 Bc6 46. Rd1
Ke6 47. Rc1 Be4 48. Bb4 Kf5 49. Bf8 Kg6 50. Bb4 Bd5 51. Bc3 f5 52. Rd1 Be6 53.
Rd6 Kf7 54. Rb6 f4 55. Rb7+ Kg6 56. Rg7+ Kf5 57. Bb4 Kf6 58. Rc7 f3 59. Bc3+
Kg6 60. Rc5 fxg2 61. Kxg2 Bxh3+ 62. Kxh3 Rxf2 63. Be5 Re2 64. Rd5 Re4 65. Bd4
Kh5 66. Bf6 Rg4 67. Kh2 Kg6 68. Be7 Kh6 69. Rf5 Rg3 70. Rb5 Kh5 71. Rc5 Rg4 72.
Bf6 Kh6 73. Rc8 Rf4 74. Rh8+ Kg6 75. Be5 Re4 76. Bc3 Re2+ 77. Kg1 Rc2 78. Be1
Rc1 79. Kf1 Kg7 80. Re8 Rc2 81. Rd8 h3 82. Rd7+ Kf6 83. Rh7 g4 84. Bg3 Rc3 85.
Bh4+ Kf5 86. Be1 Rc2 87. Bg3 Ke4 88. Bf2 Rd2 89. Re7+ Kf5 90. Ke1 Rd3 91. Rh7
g3 92. Bc5 h2 93. Ke2 Rd7 94. Rh8 Kg4 95. Bb6 Rb7 96. Bc5 Rb5 97. Rg8+ Kf5 98.
Rh8 Rxc5 99. Kf3 Rc3+ 100. Kg2 Rc1 101. Kxg3 h1=Q 102. Rf8+ Kg6 103. Rg8+ Kf7
104. Rg4 Rc3+ 105. Kf4 Qf3+ 106. Kg5 Qf6+ 107. Kh5 Rh3+ 108. Rh4 Qxh4# {
Hossa checkmated} 0-1

[Event "ICS rated blitz match"]
[Site "204.178.125.65"]
[Date "2000.04.26"]
[Round "?"]
[White "PostModernist"]
[Black "Hossa"]
[Result "1-0"]
[WhiteElo "2623"]
[BlackElo "2430"]
[PlyCount "99"]
[EventDate "2000.??.??"]

1. d4 Nf6 2. c4 e6 3. Nf3 c5 4. d5 d6 5. Nc3 exd5 6. cxd5 Qb6 7. e4 Be7 8. Bc4
Bg4 9. h3 Bxf3 10. Qxf3 Nbd7 11. Bf4 O-O 12. O-O Ne5 13. Bxe5 dxe5 14. Qg3 Bd6
15. Rab1 Rfd8 16. Rfc1 Qc7 17. Nb5 Qe7 18. Nxd6 Qxd6 19. Re1 a6 20. a4 Nh5 21.
Qg5 Nf4 22. a5 Qc7 23. Qf5 Rd6 24. g3 Rf6 25. Qg4 Rg6 26. Qf5 Qxa5 27. d6 Rf6
28. Qd7 Rd8 29. Qc7 Qxc7 30. dxc7 Nxh3+ 31. Kh2 Rf8 32. Kxh3 Rc6 33. Red1 Rxc7
34. Rd6 Re7 35. Bd5 Rb8 36. b4 cxb4 37. Rxb4 a5 38. Rxb7 Rexb7 39. Bxb7 Kf8 40.
Bd5 Rb2 41. Kg2 Rb5 42. Rd7 f6 43. Rf7+ Ke8 44. Rxg7 h5 45. Ra7 Kd8 46. Ra6 f5
47. Bc6 Rc5 48. exf5 Ke7 49. Bf3 Kd7 50. f6 {Hossa resigns} 1-0

[Event "ICS rated standard match"]
[Site "204.178.125.65"]
[Date "2000.04.26"]
[Round "?"]
[White "star"]
[Black "Hossa"]
[Result "1-0"]
[WhiteElo "2491"]
[BlackElo "2341"]
[PlyCount "71"]
[EventDate "2000.??.??"]

1. e4 e5 2. Nf3 Nc6 3. Bb5 a6 4. Ba4 Nf6 5. O-O b5 6. Bb3 Bb7 7. d3 Be7 8. a4
b4 9. Bd5 Nxd5 10. exd5 Na5 11. Nxe5 Bxd5 12. Qg4 d6 13. Nf3 Bxf3 14. Qxf3 O-O
15. Nd2 d5 16. Qf5 Nc6 17. Nf3 b3 18. cxb3 Rb8 19. Bd2 Rxb3 20. Rfc1 g6 21. Qf4
Qd7 22. Rxc6 Qxc6 23. Nd4 Qb7 24. Nxb3 Qxb3 25. Qe5 Bd6 26. Qf6 Be7 27. Qxe7
Qxb2 28. Qe1 c5 29. Rc1 Qd4 30. Bh6 Ra8 31. Qe7 Qxa4 32. Re1 Qa1 33. Rxa1 Rb8
34. Qf6 Rb1+ 35. Rxb1 d4 36. Qg7# {Hossa checkmated} 1-0

[Event "ICS rated blitz match"]
[Site "204.178.125.65"]
[Date "2000.04.27"]
[Round "?"]
[White "Hossa"]
[Black "Vanhelgi"]
[Result "0-1"]
[WhiteElo "2422"]
[BlackElo "2327"]
[PlyCount "164"]
[EventDate "2000.??.??"]

1. e4 c5 2. Nf3 d6 3. d4 cxd4 4. Nxd4 Nf6 5. Nc3 a6 6. Bg5 e6 7. f4 Be7 8. Qf3
Qc7 9. O-O-O Nbd7 10. g4 b5 11. Bxf6 Nxf6 12. g5 Nd7 13. f5 Nc5 14. f6 gxf6 15.
gxf6 Bf8 16. Rg1 Bb7 17. b4 Na4 18. Nxa4 bxa4 19. Bg2 Bh6+ 20. Kb1 O-O-O 21.
Rd3 Kb8 22. Rc3 Qb6 23. Qd3 Rc8 24. Rxc8+ Rxc8 25. c3 Bf4 26. Rf1 Be5 27. h4
Rxc3 28. Qxc3 Bxd4 29. Qd2 a5 30. Rd1 Be5 31. a3 Ba6 32. Kc1 Bc4 33. bxa5 Qb3
34. Qb4+ Qxb4 35. axb4 a3 36. Kd2 a2 37. Bf1 Bxf1 38. Rxf1 a1=Q 39. Rxa1 Bxa1
40. h5 Bxf6 41. Kc2 Kb7 42. b5 Bd8 43. a6+ Kb6 44. Kb3 Bc7 45. Kb4 Bb8 46. Ka4
Ba7 47. Kb4 f6 48. h6 f5 49. exf5 exf5 50. Kc4 f4 51. Kd3 Kxb5 52. Ke4 Kxa6 53.
Kf3 Be3 54. Ke2 d5 55. Kf3 d4 56. Ke4 Kb5 57. Kf3 Kc4 58. Kg4 d3 59. Kf5 f3 60.
Ke6 Bxh6 61. Ke7 f2 62. Kd6 f1=B 63. Ke5 d2 64. Kf6 d1=N 65. Ke5 Bg5 66. Kd6 h5
67. Ke5 h4 68. Ke4 h3 69. Ke5 h2 70. Ke6 h1=R 71. Ke5 Bd3 72. Kd6 Bf5 73. Ke5
Bg6 74. Kd6 Re1 75. Kc6 Re6+ 76. Kd7 Bf5 77. Kc8 Re7+ 78. Kd8 Bg6 79. Kc8 Kc5
80. Kb8 Kc6 81. Ka8 Kb6 82. Kb8 Re8# {Hossa checkmated} 0-1

[Event "ICS rated standard match"]
[Site "204.178.125.65"]
[Date "2000.04.27"]
[Round "?"]
[White "Hossa"]
[Black "MestreDosMagos"]
[Result "1-0"]
[WhiteElo "2332"]
[BlackElo "2213"]
[PlyCount "45"]
[EventDate "2000.??.??"]

1. e4 e5 2. Nf3 Nc6 3. Nc3 Nf6 4. Nxe5 Nxe5 5. d4 Ng6 6. e5 Ng8 7. Bc4 d6 8.
Qf3 Qd7 9. O-O dxe5 10. dxe5 Nxe5 11. Re1 Bd6 12. Bf4 f6 13. Bb5 c6 14. Rad1
Qc7 15. Qd3 Be7 16. Qg3 Bf8 17. Bxe5 fxe5 18. Rxe5+ Ne7 19. Ne4 cxb5 20. Nd6+
Qxd6 21. Rxd6 Bd7 22. Qc3 a6 23. Qc7 1-0

[Event "ICS rated blitz match"]
[Site "204.178.125.65"]
[Date "2000.04.27"]
[Round "?"]
[White "STYNETS"]
[Black "Hossa"]
[Result "0-1"]
[WhiteElo "2225"]
[BlackElo "2402"]
[PlyCount "58"]
[EventDate "2000.??.??"]

1. e4 e5 2. d4 exd4 3. c3 dxc3 4. Bc4 cxb2 5. Bxb2 d6 6. Nf3 Nc6 7. O-O Be6 8.
Bxe6 fxe6 9. Qb3 Qd7 10. Ng5 Nd8 11. f4 Nf6 12. Nd2 d5 13. Rad1 Bc5+ 14. Kh1 h6
15. Ngf3 O-O 16. Ne5 Qe8 17. f5 c6 18. Ng6 Rf7 19. e5 Ng4 20. f6 Ne3 21. Ne7+
Rxe7 22. fxe7 Qxe7 23. Nf3 Nxf1 24. Rxf1 Nf7 25. Qc2 Rf8 26. h4 Be3 27. Qg6 Qb4
28. Bc1 Qc4 29. Re1 Bxc1 {STYNETS resigns} 0-1

[Event "ICS rated blitz match"]
[Site "204.178.125.65"]
[Date "2000.04.27"]
[Round "?"]
[White "Hossa"]
[Black "Encylopedia"]
[Result "0-1"]
[WhiteElo "2410"]
[BlackElo "2247"]
[PlyCount "122"]
[EventDate "2000.??.??"]

1. e4 c6 2. d4 d5 3. Nc3 dxe4 4. Nxe4 Bf5 5. Ng3 Bg6 6. h4 h6 7. Nf3 Nd7 8. h5
Bh7 9. Bd3 Bxd3 10. Qxd3 e6 11. Bd2 Ngf6 12. O-O-O Be7 13. Ne4 O-O 14. Kb1 c5
15. Be3 b6 16. dxc5 Nxc5 17. Qb5 Qc7 18. Bxc5 bxc5 19. Nfd2 Rab8 20. Qe2 Nd5
21. g4 Qe5 22. b3 f5 23. gxf5 exf5 24. c4 Nf4 25. Qe3 fxe4 26. Nxe4 Qf5 27. f3
Rfd8 28. Rhg1 Nxh5 29. Rd2 Rxd2 30. Qxd2 Qxf3 31. Qd5+ Kh8 32. Re1 Bh4 33. Qd1
Qf5 34. Re3 Ng3 35. Qd3 Rd8 36. Nxg3 Qxd3+ 37. Rxd3 Rxd3 38. Ne4 Be7 39. Kc2
Rd4 40. Nc3 h5 41. Nb5 h4 42. Nxd4 cxd4 43. Kd3 h3 44. Kxd4 h2 45. c5 h1=Q 46.
b4 Qd1+ 47. Kc4 Qc2+ 48. Kd4 Qxa2 49. Ke3 Bxc5+ 50. bxc5 Qa3+ 51. Kf4 Qxc5 52.
Ke4 Kh7 53. Kd3 Kg6 54. Ke4 Kf6 55. Kd3 Ke5 56. Ke2 Ke4 57. Kd2 Qc4 58. Ke1 Ke3
59. Kd1 Qa2 60. Kc1 Kd3 61. Kd1 Qd2# {Hossa checkmated} 0-1

[Event "ICS rated blitz match"]
[Site "204.178.125.65"]
[Date "2000.04.27"]
[Round "?"]
[White "Hossa"]
[Black "Vanhelgi"]
[Result "1-0"]
[WhiteElo "2399"]
[BlackElo "2367"]
[PlyCount "37"]
[EventDate "2000.??.??"]

1. e4 e6 2. d4 d5 3. Nc3 Bb4 4. e5 Ne7 5. a3 Bxc3+ 6. bxc3 c5 7. a4 Nbc6 8. Nf3
Qc7 9. Bb5 Bd7 10. Ba3 cxd4 11. cxd4 a6 12. Be2 Nf5 13. O-O Na5 14. g4 Nh6 15.
Bd6 Qc6 16. Qd2 Nc4 17. Bxc4 dxc4 18. Qg5 Qxf3 19. Qe7# {Vanhelgi checkmated}
1-0